| 000 | 01090nam a2200253 a 4500 | ||
|---|---|---|---|
| 001 | 000827785 | ||
| 003 | AM-YeHGA | ||
| 005 | 20250617144656.0 | ||
| 008 | 110823s1973 ||| r 000 0 rus d | ||
| 040 | _aAM-YeHGA | ||
| 041 | 0 | _arus | |
| 245 | 0 | 0 |
_aЦирк : _bМаленькая энциклопедия / _cАвт.-сост. А.Я. Шнеер, Р.Е. Славский; Ред. Ю.А. Дмитриев. |
| 260 |
_aМосква : _bСоветская энциклопедия, _c1973. |
||
| 300 |
_a375 стр. : _b[16] л. ил., ил. ; _c21 см. |
||
| 440 | 0 | _aМаленькие энциклопедии : История-наука-техника-культура, жизнь | |
| 504 | _aУказатель имен, стр. 338-375 | ||
| 650 | 1 | 4 | _aЦирк |
| 650 | 1 | 4 | _aЭнциклопедия |
| 653 | 0 | _aЦирковое искусство советское | |
| 700 | 1 |
_aШнеер, А.Я. _eавт. _4aut _eсост. _4com |
|
| 700 | 1 |
_aСлавский, Р.Е. _eавт. _4aut _eсост. _4com |
|
| 700 | 1 |
_aДмитриев, Ю.А. _eред. _4edt |
|
| 090 | _c300449 | ||
| 999 |
_c298755 _d298755 |
||